|
|
|
|
| LEADER |
00000naa2a2200000 4500 |
| 001 |
164059 |
| 005 |
20240207152301.0 |
| 035 |
|
|
|a (RuTPU)RU\TPU\book\177989
|
| 090 |
|
|
|a 164059
|
| 100 |
|
|
|a 20090827d2008 k y0rusy50 ca
|
| 101 |
0 |
|
|a rus
|
| 102 |
|
|
|a RU
|
| 200 |
1 |
|
|a К вопросам организации учебно-познавательной деятельности на современном уроке экономики
|f Е. В. Полицинская
|
| 320 |
|
|
|a Библиогр.: 4 назв.
|
| 463 |
|
0 |
|0 (RuTPU)RU\TPU\book\164866
|t Модернизация инженерного образования: проблемы и перспективы
|o труды VI Всероссийской научно-практической конференции, 5 ноября 2008 г., Юрга
|f Томский политехнический университет (ТПУ), Юргинский технологический институт (ЮТИ)
|v С. 281-285
|d 2008
|p 340 с.
|
| 610 |
1 |
|
|a обучение
|
| 610 |
1 |
|
|a учебные процессы
|
| 610 |
1 |
|
|a учебные дисциплины
|
| 610 |
1 |
|
|a экономика
|
| 610 |
1 |
|
|a экономическое образование
|
| 610 |
1 |
|
|a труды учёных ТПУ
|
| 700 |
|
1 |
|a Полицинская
|b Е. В.
|c экономист
|c доцент Юргинского технологического института (филиала) Томского политехнического университета, кандидат педагогических наук
|f 1983-
|g Екатерина Викторовна
|3 (RuTPU)RU\TPU\pers\24523
|9 10833
|
| 801 |
|
1 |
|a RU
|b 63413507
|c 20090827
|
| 801 |
|
2 |
|a RU
|b 63413507
|c 20180124
|g RCR
|
| 942 |
|
|
|c BK
|